| 000 | 00000nam 2200000zi 4500 |
| 001 | 9.872592 |
| 003 | CaOODSP |
| 005 | 20250228110505 |
| 006 | m o d f |
| 007 | cr ||||||||||| |
| 008 | 190507t20192019onc #o f000 0 eng d |
| 020 | |a9780660308111 |
| 040 | |aCaOODSP|beng|erda|cCaOODSP |
| 043 | |an-cn--- |
| 086 | 1 |aM144-295/2-2018E-PDF |
| 245 | 00|aENERGY STAR® and Energuide labelling awareness survey 2018 : |bexecutive summary / |cprepared for Natural Resources Canada ; supplier: Phoenix Strategic Perspectives Inc. |
| 264 | 1|a[Ottawa] : |bNatural Resources Canada = Ressources naturelles Canada, |c2019. |
| 264 | 4|c©2019 |
| 300 | |a1 online resource (6 pages) |
| 336 | |atext|btxt|2rdacontent |
| 337 | |acomputer|bc|2rdamedia |
| 338 | |aonline resource|bcr|2rdacarrier |
| 500 | |a"March 2019." |
| 500 | |a"Delivery Date: 2019-03-21." |
| 500 | |a"Contract Number: 23483-190470-001_CY." |
| 500 | |a"Registration Number: POR 51-18." |
| 500 | |aIssued also in French under title: Sondage sur la connaissance de l'étiquetage ENERGY STAR® et ÉnerGuide 2018 : sommaire. |
| 520 | |a"Natural Resources Canada (NRCan) commissioned Phoenix SPI to conduct a public opinion study designed to take the pulse of the Canadian public and track changes in perceptions of the ENERGY STAR® and EnerGuide labels"--Executive summary, page 1. |
| 692 | 07|2gccst|aEnergy efficiency |
| 692 | 07|2gccst|aLabelling |
| 692 | 07|2gccst|aPublic opinion |
| 710 | 1 |aCanada. |bNatural Resources Canada. |
| 710 | 2 |aPhoenix Strategic Perspectives Inc. |
| 775 | 08|tSondage sur la connaissance de l'étiquetage ENERGY STAR® et ÉnerGuide 2018 : |w(CaOODSP)9.872593 |
| 856 | 40|qPDF|s506 KB|uhttps://publications.gc.ca/collections/collection_2019/rncan-nrcan/M144-295-2-2018-eng.pdf |